Online Catalogue and eLibrary

The role of women workers in the plantation economy : (Record no. 2724)

MARC details
000 -LEADER
fixed length control field 00513nam a2200193Ia 4500
005 - DATE AND TIME OF LATEST TRANSACTION
control field 20240510015513.0
008 - FIXED-LENGTH DATA ELEMENTS--GENERAL INFORMATION
fixed length control field 240331s9999 xx 000 0 und d
082 ## - DDC Classification
Item Number - Author Mark ROL
Class No. 5676
100 ## - MAIN ENTRY--PERSONAL NAME
Personal name Sri Lanka foundation
245 #4 - TITLE STATEMENT
Title The role of women workers in the plantation economy :
Remainder of title seminar report
260 ## - PUBLICATION, DISTRIBUTION, ETC.
Place of publication, distribution, etc. Colombo
Name of publisher, distributor, etc. Sri Lanka Foundation Institute
Date of publication, distribution, etc. 1979
300 ## - PHYSICAL DESCRIPTION
Extent (e.g. Volumes, Pages etc.) vi, 141 p .,
650 ## - SUBJECT ADDED ENTRY--TOPICAL TERM
Topical term or geographic name entry element Woman
650 ## - SUBJECT ADDED ENTRY--TOPICAL TERM
Topical term or geographic name entry element Economic
650 ## - SUBJECT ADDED ENTRY--TOPICAL TERM
Topical term or geographic name entry element Law
650 ## - SUBJECT ADDED ENTRY--TOPICAL TERM
Topical term or geographic name entry element Human Rights
650 ## - SUBJECT ADDED ENTRY--TOPICAL TERM
Topical term or geographic name entry element Social
942 ## - Koha item type (Biblio)
Koha item type Books in Stacks (Lending)
Holdings
Lost status Damaged status Collection code Home library Current library Shelving location Date acquired Full call number Accession Number Item type
    Lending WERC Library WERC Library Social Science Cupboard 03/31/2024 331.62 ROL 5676 Books in Stacks (Lending)

© WERC Library